Captain Tsubasa Quiz - Statystyki

Ogólne statystyki
  • Ten quiz został rozwiązany 56 razy
  • Średni wynik to 13 z 21
Statystyki odpowiedzi
Zagadnienie Odpowiedź % Poprawnych
Jak ma naprawdę na imię ukochana głównego bohatera? Sanae
85%
Czym się zajmował ojciec Taro Misakiego? Był Malarzem
78%
Kto przed grą w piłkę trenował karate? Ken Wakashimazu
78%
W jakiej drużynie NIE grał Tsubasa Ozora? AC Milan
74%
Skąd Pochodził Elle Sid Pierre? Francja
74%
Kto strzelił gola z drużyny Japonii w finale mundialu, przeciwko Niemcom? Japonia 3-2 Niemcy Kojiro,Tsubasa,Misaki
74%
Który bohater słynął z obrony strzałów buzią? Ryo Ishizaki
74%
W jakiej drużynie gra Hikaru Matsuyama? FC Furano
70%
Którzy zawodnicy z podstawowego składu wylecieli z drużyny przez kontuzję? Masao Tashibana + Kazuo Tashibana
70%
Jak się nazywał bramkarz reprezentacji Niemiec? Muller
70%
Przez czego kontuzję Wakabayashi musiał pauzować, aż do finału z Meiwą? Nogi
63%
Ile Hyuga ma rodzeństwa? 3
56%
Kogo Roberto Hongo uważał za równego, badź nawet lepszego od Tsubasy? Juan Diaz
56%
Kto słynął z ognistego strzału? Schneider
56%
Jak miała na imię dziewczyna Kojiro Hyugi? Maki Akamine
52%
Kto wygrał finał między Toho FC vs Nankatsu FCm Remis
48%
W jakim kraju działy się piersze mistrzostwa świata w, których brali udział nasi bohaterowie? Francja
44%
Kogo Tsubasa uważa za swojego najlepszego przyjaciela? Ryo Ishizaki
41%
Przeciwko jakiej drużynie Kojiro Hyuga pierwszy raz strzelił gola ulepszonym strzałem tygrysa (Neo Tiger Shot)? Włochy
41%
Z jakim nr. na plecach grał Genzo Wakabayshi w kadrze na pierwszym turnieju 22
30%
Kto trafił gola Genzo Wakabayashiemu z poza pola karnego? Wszyscy trafili mu gola
30%
Nie znaleziono quizów pasujących do podanych kryteriów
Rozkład punktacji
Procent ludzi z każdym wynikiem
Percentyl według liczby udzielonych odpowiedzi
Twoja historia wyników
Nie rozwiązałeś tego quizu